00635nam a2200157 a 4500008004100000050002400041100001800065245019600083260006000279300002700339490003300366490001900399500001700418650001800435650002400453121022s1996 ||||||||||||||||| || u aPAPERS/STAFF/SIZIYA aSiziya, Seter10aEchocardiographic assessment of left ventricular hypertrophy diastolic dysfunction and pericardial disease in patients on maintenance haemodialysiscby Seter Siziya, J. G. Hakim and A. George aLusaka:bUniversity of Zambia, School of Medicinec1996 ap. 505 - p. 508.: ill. aEast African Medical Journal vVol. 73, No. 8 aBibliography aHAEMODIALYSIS aELECTROCARDIOGRAPHY